| 000 | 00601cam a2200169 i 4500 | ||
|---|---|---|---|
| 005 | 20260204123617.0 | ||
| 008 | 250721s1985 le gr 000 0 ara d | ||
| 082 | 1 | 4 |
_a398.91 _bف ر و |
| 100 | 1 |
_aفروخ، سعد الدين _eمؤلف. |
|
| 245 | 1 | 2 |
_aالأمثلة البيروتية في سياق الأمثلة اللبنانية / _cتأليف سعد الدين فروخ. |
| 250 | _aالطبعة الأولى. | ||
| 264 | 3 | 1 |
_aبيروت : _bالمكتب الإسلامي، _c1985. |
| 300 | _a298 صفحة. | ||
| 650 | 1 | 7 | _aالأمثال. |
| 942 |
_2ddc _cBK |
||
| 999 |
_c10964 _d10964 |
||